QCM: Culture Générale du Football #1: Coupe du Monde - Statistiques

Statistiques générales
  • Ce quiz a été pris 10 465 fois
  • Le résultat moyen est 12 sur 25
Statistiques - réponses
Question Réponse % Correct
Quelle équipe est la plus titrée? Brésil
96%
Où s'est déroulée la première Coupe du Monde de la FIFA, en 1930? Uruguay
91%
Quel joueur réalise la "Mano de Dios" Maradona
90%
Quel trio de pays organisera la Coupe du Monde 2026? USA-Canada-Mexique
89%
Quel est la seule équipe, à ce jour, à avoir participé à toutes les éditions de la compétitions? Brésil
69%
Quel est le plus jeune joueur à avoir gagné la Coupe du Monde? Pelé
64%
Qui est le meilleur buteur de la dernière édition? Harry Kane
62%
Quel est le meilleur buteur toutes compétitions confondues? Klose
61%
Dans quel stade s'est déroulée la finale de la Coupe du Monde de 1966, connue pour l'un des buts les plus controversé de l'Histoire du football? Wembley
56%
Quel est le fait notable accompli par Just Fontaine, attaquant français des années 1950-60? Il est le meilleur buteur de tout les temps sur une seule phase de la compétition
48%
Lequel de ces joueurs n'a jamais remporté la coupe? Messi
48%
Où s'est déroulée la dernière édition? Russie
44%
Quelle équipe a disputé le plus de finale? Allemagne
35%
Laquelle de ces équipes n'a jamais gagné la Coupe à domicile? Brésil
35%
Concernant l'équipe d'Italie, quelle proposition est VRAIE? Elle est la première équipe européenne à remporter la Coupe du Monde
35%
Sous quel nom est connue la finale de l'édition de 1954? Le Miracle de Berne
32%
Lequel de ces pays n'a jamais, à ce jour, organisé la Coupe du Monde? Pays-Bas
32%
Parmi ces équipes, laquelle N'EST PAS correctement associée à l'édition qui l'a vue débuter? Belgique: France 1938
28%
Quelle proposition sur le défenseur Luis Monti est vraie? Il a disputé deux finales avec deux équipes différentes
28%
Le "Match du Siècle" est le match qui s'est déroulé au Stade Azteca de Mexico entre l'Italie et l'Allemagne. Quel est le score final de cette rencontre? (Soyez le plus précis possible) 4-3 après prolongations, victoire de l'Italie
27%
Concernant l'équipe d'Allemagne, quelle proposition est VRAIE? Elle a toujours joué la finale de 1982 à 1990
26%
Quel match est connu comme le Maracanazo? Brésil 1-2 Uruguay, finale de 1950
24%
Concernant l'équipe de France, quelle proposition est FAUSSE? Jamais un joueur français n'a été meilleur buteur d'une édition
18%
Quel est le seul entraîneur à avoir remporté la coupe deux fois (en tant qu'entraîneur uniquement)? Vittorio Pozzo
17%
En 1904, il a été décidé que la première édition de la Coupe du Monde, annulée faute de participants inscrits, se déroulerait dans un pays européen en 1906. Lequel? Suisse
12%
Aucun quiz correspondant
Distribution des résultats
% des personnes avec chaque résultat
Percentile par nombre de réponses
Votre historique - résultats
Vous n’avez pas pris ce quiz